Statistics for Countries with Seven Letters (with a map)

Click here to take the quiz!

General Stats

  • This quiz has been taken 373 times
    (354 since last reset)
  • The average score is 187 of 196

Answers on the Map

Answers color-coded by a green-red scale on the quiz's map according to % correct below.
 

Answer Stats

country% Correct
x
100%
Algeria
94%
Bolivia
93%
Germany
92%
Austria
91%
Finland
91%
Hungary
91%
Nigeria
90%
Ukraine
89%
Namibia
88%
Belarus
87%
Romania
86%
Uruguay
86%
Tunisia
85%
Armenia
84%
Ecuador
84%
Belgium
83%
Croatia
82%
Morocco
82%
Senegal
82%
Denmark
81%
Vietnam
80%
Moldova
79%
Georgia
78%
Iceland
78%
Ireland
78%
Lesotho
77%
Eritrea
76%
Myanmar
76%
Albania
73%
Somalia
72%
Czechia
71%
Jamaica
70%
Andorra
68%
Liberia
68%
Vanuatu
67%
Bahamas
66%
Estonia
66%
Comoros
64%
Bahrain
63%
Grenada
61%
Burundi
58%
Lebanon
54%

Score Distribution

Percentile by Number Answered

Percent of People with Each Score

Your Score History

You have not taken this quiz since the last reset